Valley forge / (Record no. 8338)

MARC details
000 -LEADER
fixed length control field 01244cam a2200325u 4500
001 - CONTROL NUMBER
control field 8338
003 - CONTROL NUMBER IDENTIFIER
control field FISKH
005 - DATE AND TIME OF LATEST TRANSACTION
control field 20260302135634.0
007 - PHYSICAL DESCRIPTION FIXED FIELD--GENERAL INFORMATION
fixed length control field cr_|||||||||||
008 - FIXED-LENGTH DATA ELEMENTS--GENERAL INFORMATION
fixed length control field 830517s1903 njuaf 000 0 eng
010 ## - LIBRARY OF CONGRESS CONTROL NUMBER
LC control number 04009732
020 ## - INTERNATIONAL STANDARD BOOK NUMBER
International Standard Book Number 9780439830133
035 ## - SYSTEM CONTROL NUMBER
System control number 10073292
040 ## - CATALOGING SOURCE
Original cataloging agency DLC
Transcribing agency CarP
Modifying agency DLC
Language of cataloging eng
050 ## - LIBRARY OF CONGRESS CALL NUMBER
Classification number E234 .A46
082 ## - DEWEY DECIMAL CLASSIFICATION NUMBER
Classification number 973.3
100 1# - MAIN ENTRY--PERSONAL NAME
Personal name Richardson, W. H.
245 10 - TITLE STATEMENT
Title Valley forge /
Statement of responsibility, etc. by Richard Ammon ; illustrated by Bill Farnsworth
250 ## - EDITION STATEMENT
Edition statement First Scholastic printing, January 2006.
260 ## - PUBLICATION, DISTRIBUTION, ETC.
Place of publication, distribution, etc. New York :
Name of publisher, distributor, etc. Scholastic,
Date of publication, distribution, etc. 2004.
300 ## - PHYSICAL DESCRIPTION
Extent 32 pages :
Other physical details color illustrations ;
Dimensions 28 cm
520 ## - SUMMARY, ETC.
Summary, etc. Presents an illustrated account of the beginnings of the Revolutionary War, and tells the story of how George Washington transformed his army of ordinary citizens into an unbeatable fighting force over the course of a difficult winter at Valley Forge.
530 ## - ADDITIONAL PHYSICAL FORM AVAILABLE NOTE
Additional physical form available note Also available in digital form.
651 #0 - SUBJECT ADDED ENTRY--GEOGRAPHIC NAME
Geographic name Valley Forge (Pa.)
General subdivision History
Chronological subdivision Revolution, 1775-1783.
651 #0 - SUBJECT ADDED ENTRY--GEOGRAPHIC NAME
Geographic name Valley Forge (Pa.)
General subdivision Description and travel.
700 ## - ADDED ENTRY--PERSONAL NAME
Personal name Farnsworth, Bill
Relator term illustrator
906 ## - LOCAL DATA ELEMENT F, LDF (RLIN)
a 0
b cbc
c premunv
d u
e ncip
f 19
g y-gencatlg
942 ## - ADDED ENTRY ELEMENTS (KOHA)
Source of classification or shelving scheme Dewey Decimal Classification
Koha item type Books
Suppress in OPAC No
Holdings
Withdrawn status Lost status Source of classification or shelving scheme Damaged status Not for loan Collection Home library Current library Shelving location Date acquired Total Checkouts Full call number Barcode Date last seen Copy number Price effective from Koha item type
    Dewey Decimal Classification     Non-Fiction Footprints International School Library Network Toul Tom Poung Campus Footprints International School Library Network Toul Tom Poung Campus TTP Secondary Non-Fiction Bookshelves 09/09/2025   AMM 973.3 E234 .A46 FISSE01179 09/09/2025 1 09/09/2025 Books
    Dewey Decimal Classification     Non-Fiction Footprints International School Library Network Toul Tom Poung Campus Footprints International School Library Network Toul Tom Poung Campus TTP Secondary Non-Fiction Bookshelves 03/02/2026   AMM 973.3 E234 .A46 2026-0278 03/02/2026 2 03/02/2026 Books